| 000 | 00845nam a2200193Ii 4500 | ||
|---|---|---|---|
| 003 | JO-AjNU | ||
| 008 | 230605s9999||||xx |||||||||||||| ||und|| | ||
| 040 |
_aJO-AjNU _bara _erda _cJO-AjNU |
||
| 041 | _aara | ||
| 050 | 1 | 4 | _aBP173.759.D7398 |
| 100 | 3 |
_aدرادكة، ياسين أحمد ابراهيم, _eauthor _946816 |
|
| 245 | 0 | 0 | _aنظرية الغرر في الشريعة الإسلامية: دراسة مقارنة، ج1 |
| 264 | 3 | 1 | _aعمان: منشورات وزارة الاوقاف والشؤون والمقدسات الاسلامية، د.ت |
| 300 |
_aج1، 508ص _bيتضمن ببلوغرافيا ص 326-508 |
||
| 336 |
_atext _btxt _2rdacontent |
||
| 337 |
_aunmediated _bn _2rdamedia |
||
| 338 |
_avolume _bnc _2rdacarrier |
||
| 650 | 4 |
_aعقود الغرر- الاقتصاد الاسلامي- الفقه الاسلامي _946817 |
|
| 999 |
_aA20394 _c23962 _d23962 |
||